Normal view
MARC view
- Hydrogeology.
Entry Topical Term
001 - CONTROL NUMBER
- control field: 2321
003 - CONTROL NUMBER IDENTIFIER
- control field: NUST
005 - DATE AND TIME OF LATEST TRANSACTION
- control field: 20170608125608.0
008 - FIXED-LENGTH DATA ELEMENTS
- fixed length control field: 170608|| aca||aabn | a|a d
040 ## - CATALOGING SOURCE
- Original cataloging agency: NUST
- Transcribing agency: NUST
150 ## - HEADING--TOPICAL TERM
- Topical term or geographic name entry element: Hydrogeology.
670 ## - SOURCE DATA FOUND
- Source citation: Work cat.: (NUST)0: Stone, William J. (William Jay), 1941- 2320, Hydrogeology in practice :, c1999.
